| 000 | 00772aam a2200265a 44500 | ||
|---|---|---|---|
| 008 | 190318s2018 cat | ||
| 041 | _acat | ||
| 110 |
_aTERMCAT _960609 |
||
| 245 |
_aActors internacionals _h[en línia] _cTERMCAT, Centre de Terminologia |
||
| 260 |
_aBarcelona _bTERMCAT, Centre de Terminologia _c2018 |
||
| 300 |
_a1 infografia _bil. |
||
| 365 | _b30 | ||
| 365 | _ceuros | ||
| 500 | _btermcat | ||
| 520 | _a9 | ||
| 546 | _acatalà | ||
| 592 | _aObra terminològica | ||
| 593 | _aMB | ||
| 650 |
_adret internacional _960883 |
||
| 856 | _uhttps://www.termcat.cat/ca/recursos/productes-multimedia/els-actors-internacionals | ||
| 901 | _c<2018> | ||
| 902 | _a190318 | ||
| 942 |
_cMO _n0 _2ddc |
||
| 999 |
_c67392 _d67392 |
||